सांख्यकी विश्लेषण / (Record no. 66798)

MARC details
000 -LEADER
fixed length control field 00733nam a22001937a 4500
005 - DATE AND TIME OF LATEST TRANSACTION
control field 20120517121420.0
020 ## - INTERNATIONAL STANDARD BOOK NUMBER
International Standard Book Number
Terms of availability 00.00
035 ## - SYSTEM CONTROL NUMBER
System control number B-136110
037 ## - SOURCE OF ACQUISITION
Source of stock number/acquisition
082 ## - DEWEY DECIMAL CLASSIFICATION NUMBER
Classification number 519.5
100 ## - MAIN ENTRY--PERSONAL NAME
Personal name सिंहल, मोहन एस.
245 ## - TITLE STATEMENT
Title सांख्यकी विश्लेषण /
Statement of responsibility, etc मोहन एस.सिंहल
260 ## - PUBLICATION, DISTRIBUTION, ETC. (IMPRINT)
Place of publication, distribution, etc
Name of publisher, distributor, etc
Date of publication, distribution, etc
270 ## - ADDRESS
Address
City
Postal code
300 ## - PHYSICAL DESCRIPTION
Extent वि.पृ.
Other physical details
Dimensions 22सेमी(सजिल्द)
942 ## - ADDED ENTRY ELEMENTS (KOHA)
Source of classification or shelving scheme Dewey Decimal Classification
Item type Children Books
Classification part 519.5
Call number suffix सिंहल
Holdings
Withdrawn status Lost status Not for loan Collection code Home library Current library Date acquired Cost, normal purchase price Full call number Barcode Koha item type
      Non-fiction Sarojini Nagar Sarojini Nagar 17/05/2012 0.00 519.5 सिंहल B-136110 Children Books

© Delhi Public Library
Hit Counter
free hit counter